Представление документа в формате MARC21

ПолеНазваниеЗначение
  Тип записи a
  Библиографический уровень m
001 Контрольный номер RU/URAIT/598400
005 Дата корректировки 20260429163647.9
008 Кодируемые данные 260429s2026 RU y f j 000 0 rus u
020 Индекс ISBN __
a ISBN 978-5-534-09496-1
c Цена, тираж 2059.00
040 Источник каталогиз. __
a Служба первич. каталог. ИКО Юрайт
c Служба, преобразующая запись ИКО Юрайт
e Правила каталог. RCR
041 Код языка издания __
a Код языка текста rus
044 Код страны публикации __
a Код страны публикации RU
080 Индекс УДК __
a Индекс УДК 744(075.8)
084 Индекс другой классификации/Индекс ББК __
2 Источник индекса rubbk
a Индекс другой классификации/Индекс ББК 30.11я73
100 Автор __
a Автор Левицкий В. С.
q Полное имя Левицкий Владимир Сергеевич
245 Заглавие __
a Заглавие Машиностроительное черчение
b Продолж. заглавия учебник для вузов
c Ответственность В. С. Левицкий.
250 Сведения об издании __
g испр. и доп
a Основные сведения об издании 9-е изд.
256 Характеристики компьютерного файла __
a Характеристики компьютерного файла Электрон. дан.
260 Выходные данные __
a Место издания Москва
b Издательство Юрайт
c Дата издания 2026
300 Физическое описание __
a Объем 395 с
440 Серия __
a Серия Высшее образование
500 Примечания __
a Примечание URL: https://urait.ru/bcode/598400 (дата обращения: 29.04.2026).
520 Аннотация __
a Аннотация Особенность книги заключается в том, что все основные разделы курса машиностроительного черчения поддерживаются прикладными программами ЭВМ, в соответствующих главах учебника даны исходные графические модели алгоритмов этих программ. После изучения данного курса студенты научатся выполнять технические рисунки деталей машин, механизмов, сооружений, составлять конструкторские документы, учитывать при проектировании шероховатость поверхности элемента детали, а также находить рациональное решение чертежа и владеть навыками как ручного, так и программного выполнения чертежей. Учебник соответствует программе курса «Инженерная графика» и современной тенденции глобальной компьютеризации учебного процесса. Для студентов высших учебных заведений, обучающихся по инженерно-техническим направлениям.
538 Прим. о системных особенностях __
a Прим. о системных особенностях Режим доступа: Электронно-библиотечная система Юрайт, для авториз. пользователей
653 Ключевые слова __
a Ключевые слова Инженерная графика и черчение
653 Ключевые слова __
a Ключевые слова Технические науки
653 Ключевые слова __
a Ключевые слова Начертательная геометрия. Инженерная графика
653 Ключевые слова __
a Ключевые слова Инженерная графика и начертательная геометрия
653 Ключевые слова __
a Ключевые слова Машиностроительное черчение и автоматизация выполнения чертежей
653 Ключевые слова __
a Ключевые слова Начертательная геометрия и инженерная графика
653 Ключевые слова __
a Ключевые слова Прикладное программное обеспечение в научных и инженерных исследованиях
653 Ключевые слова __
a Ключевые слова Машиностроительное черчение
653 Ключевые слова __
a Ключевые слова Инженерные прикладные программы
653 Ключевые слова __
a Ключевые слова Создание чертежной документации
653 Ключевые слова __
a Ключевые слова Автоматизация чертежно-графических работ
653 Ключевые слова __
a Ключевые слова Основы машиностроительного черчения
856 Электронный адрес документа 40
n Местонахождение сервера Юрайт
g Электронная книга
q Тип электронного формата html
h Имя пользователя ЮРАЙТ
v Часы доступа к ресурсу 20271231
2 Способ доступа Показать документ
x Служебное примечание https://urait.ru/book/cover/99E9CF19-3860-4871-A934-BC2508283456
u URL https://urait.ru/bcode/598400
856 Электронный адрес документа 48
q Тип электронного формата cover
u URL https://urait.ru/book/cover/99E9CF19-3860-4871-A934-BC2508283456
911 __
u 0030=https://urait.ru/bcode/598400
911 __
u 073a=9785534094961
u 073d=2059.00
911 __
u 106a=s
911 __
u 900l=
952 Тип литературы __
i Дисциплина Начертательная геометрия. Инженерная графика
952 Тип литературы __
i Дисциплина Инженерная графика и начертательная геометрия
952 Тип литературы __
i Дисциплина Машиностроительное черчение и автоматизация выполнения чертежей
952 Тип литературы __
i Дисциплина Начертательная геометрия и инженерная графика
952 Тип литературы __
i Дисциплина Прикладное программное обеспечение в научных и инженерных исследованиях
952 Тип литературы __
i Дисциплина Машиностроительное черчение
952 Тип литературы __
i Дисциплина Инженерные прикладные программы
952 Тип литературы __
i Дисциплина Создание чертежной документации
952 Тип литературы __
i Дисциплина Автоматизация чертежно-графических работ
952 Тип литературы __
i Дисциплина Основы машиностроительного черчения